书目信息 |
| 题名: |
电子系统设计
|
|
| 作者: | 李金平 , 沈明山 , 姜余祥 编著 | |
| 分册: | ||
| 出版信息: | 北京 电子工业出版社 2017.06 |
|
| 页数: | 400页 | |
| 开本: | 26cm | |
| 丛书名: | ||
| 单 册: | ||
| 中图分类: | TN02 | |
| 科图分类: | ||
| 主题词: | 电子系统--dian zi xi tong--系统设计--高等学校--教材 | |
| 电子资源: | ||
| ISBN: | 978-7-121-31633-3 | |
| 000 | 01052nam0 2200277 450 | |
| 001 | 0106081831 | |
| 005 | 20201109085621.51 | |
| 010 | @a978-7-121-31633-3@dCNY56.00 | |
| 100 | @a20170802e20192017em y0chiy50 ea | |
| 101 | 0 | @achi |
| 102 | @aCN@b110000 | |
| 105 | @aa z 000yy | |
| 106 | @ar | |
| 200 | 1 | @a电子系统设计@Adian zi xi tong she ji@f李金平, 沈明山, 姜余祥编著 |
| 205 | @a3版 | |
| 210 | @a北京@c电子工业出版社@d2017.06@h2019.07 | |
| 215 | @a400页@c图@d26cm | |
| 300 | @a电子信息科学与工程类专业规划教材北京市高等教育精品教材立项项目 | |
| 330 | @a本书以电子系统设计为目标,系统讲解了元器件选择、传感器应用、信号调理电路、A/D和D/A转换、可编程器件开发应用、单片机系统、驱动电路及智能电子系统的设计原理与设计方法,并提供了大量、翔实的设计实例。 | |
| 606 | 0 | @a电子系统@Adian zi xi tong@x系统设计@x高等学校@j教材 |
| 690 | @aTN02@v5 | |
| 701 | 0 | @a李金平@Ali jin ping@4编著 |
| 701 | 0 | @a沈明山@Ashen ming shan@4编著 |
| 701 | 0 | @a姜余祥@Ajiang yu xiang@4编著 |
| 801 | 0 | @aCN@bBJSZM@c20201106 |
| 905 | @b1192608-11@dTN02@e157=3@f4 | |
| 电子系统设计/李金平, 沈明山, 姜余祥编著.-3版.-北京:电子工业出版社,2017.06(2019.07) |
| 400页:图;26cm |
| 电子信息科学与工程类专业规划教材北京市高等教育精品教材立项项目 |
| ISBN 978-7-121-31633-3:CNY56.00 |
| 本书以电子系统设计为目标,系统讲解了元器件选择、传感器应用、信号调理电路、A/D和D/A转换、可编程器件开发应用、单片机系统、驱动电路及智能电子系统的设计原理与设计方法,并提供了大量、翔实的设计实例。 |
| ● |
| 相关链接 |
|
|
|
|
正题名:电子系统设计
索取号:TN02/157=3
 
预约/预借
| 序号 | 登录号 | 条形码 | 馆藏地/架位号 | 状态 | 备注 |
| 1 | 1192608 | 211926086 | 第二样本阅览室/ [索取号:TN02/157=3] | 在馆 | |
| 2 | 1192609 | 211926095 | 第三借阅区/ [索取号:TN02/157=3] | 在馆 | |
| 3 | 1192610 | 211926102 | 第三借阅区/ [索取号:TN02/157=3] | 在馆 | |
| 4 | 1192611 | 211926111 | 第三借阅区/ [索取号:TN02/157=3] | 在馆 |